| 000 | 00991nam a2200253 i 4500 | ||
|---|---|---|---|
| 001 | 182147 | ||
| 003 | ES-MaACL | ||
| 005 | 20231219062540.0 | ||
| 008 | 130620s2011 sp | |||||||| | spa d | ||
| 020 | _a978-84-15069-21-8 | ||
| 080 | _a929 (460)"14/17":354.081 | ||
| 080 | _a35(460).07"15/17" | ||
| 100 | 1 |
_aEscudero, José Antonio. _947686 |
|
| 245 | 1 | 4 |
_aLos hombres de la monarquía universal / _cJosé Antonio Escudero. |
| 260 |
_aMadrid : _bReal Academia de la Historia, _c2011. |
||
| 300 |
_a287 p. ; _c24 cm. |
||
| 500 | _aIncluye la transcripción de parte del manuscrito nº 174 conservado en la Biblioteca de Santa Cruz. | ||
| 650 | 4 |
_aCargos públicos- _zEspaña- _vHistoria. _9152934 |
|
| 651 | 4 |
_aEspaña- _xAdministración- _vHistoria. _9152935 |
|
| 852 |
_aES-MaACL _jA-12719 _9189058 _bR.148828 _cDEPO1 _dOlim: N-12719 _xDonación: José Luis Abellán |
||
| 903 |
_aAbellán, José Luis, _d1933-2023 _ednr _q1 _9176509 |
||
| 942 |
_2udc _cMONOGRAFIA |
||
| 999 |
_c182147 _d182147 |
||